[Event "Titled Tue 17th Jun Late"]
[Site "chess.com INT"]
[Date "2025.06.17"]
[Round "4"]
[White "Oro, Faustino"]
[Black "Atanasov, Anthony"]
[Result "1-0"]
[WhiteTitle "IM"]
[BlackTitle "IM"]
[WhiteElo "2465"]
[BlackElo "2417"]
[WhiteFideId "20000197"]
[BlackFideId "2623897"]
[EventDate "2025.06.17"]

1. Nf3 d5 2. e3 Nf6 3. b3 Bf5 4. Be2 c6 5. Ba3 Nbd7 6. c4 e6 7. Bxf8 Kxf8 8. O-O
g6 9. Nc3 Kg7 10. b4 dxc4 11. Bxc4 Nb6 12. Be2 Bd3 13. a3 Re8 14. Ne5 Bxe2 15.
Qxe2 Nfd7 16. Nf3 e5 17. Ne4 Nd5 18. Nd6 Re6 19. Nxb7 Qb6 20. Na5 Rae8 21. Rfc1
c5 22. Nc4 Qa6 23. e4 Nf4 24. Qe3 Nb6 25. d3 Nxc4 26. dxc4 Rd6 27. Nxe5 Nxg2 28.
Qg3 Nh4 29. Rd1 Rf6 30. Ng4 Nf3+ 31. Kh1 Rxe4 32. b5 Qe6 33. Nxf6 Qxf6 34. Qd6
Qf5 35. Rd5 Qh3 36. Qg3 Qxg3 37. hxg3 Rxc4 38. Rd7 Ra4 39. Rc7 Nd4 40. Rb7 Nc2
41. Ra2 Nb4 42. Re2 Nd5 43. Rd2 Nb6 44. Re2 Nd5 45. Re5 Nf6 46. Rxc5 Ne4 47.
Rcc7 Rxa3 48. Rxf7+ Kh6 49. Rxh7+ Kg5 50. Kg2 Ra2 51. Rbf7 Rb2 52. Rh4 Nd6 53.
Rff4 Nf5 54. Rhg4+ Kh5 55. Kh3 Rb1 56. Ra4 Rxb5 57. Rgf4 Kg5 58. Rfb4 Rc5 59.
Rxa7 Rc1 60. Kg2 Nh6 61. Ra6 Nf5 62. Rbb6 Ne7 63. Re6 Rc7 64. Rad6 Kf5 65. f4
Rc2+ 66. Kh3 Nc8 67. Re5# 1-0

[Event "Titled Tue 17th Jun Late"]
[Site "chess.com INT"]
[Date "2025.06.17"]
[Round "4"]
[White "Sliwicka, Alicja"]
[Black "Bacrot, Etienne"]
[Result "0-1"]
[WhiteTitle "WGM"]
[BlackTitle "GM"]
[WhiteElo "2299"]
[BlackElo "2633"]
[WhiteFideId "1150677"]
[BlackFideId "605506"]
[EventDate "2025.06.17"]

1. e4 c5 2. Nf3 Nc6 3. d4 cxd4 4. Nxd4 Nf6 5. Nc3 d6 6. Bg5 e6 7. Bb5 Bd7 8.
Bxc6 bxc6 9. Qf3 Be7 10. Kd1 Qb6 11. Nb3 O-O 12. Be3 Qc7 13. g4 e5 14. h3 d5 15.
Bc5 Bxc5 16. Nxc5 Qd6 17. Nd3 h6 18. Rg1 Nxe4 19. Nxe4 dxe4 20. Qxe4 Rfe8 21.
Ke2 c5 22. Rad1 Bc6 23. Qe3 c4 24. Nc5 Qg6 25. Rd2 f5 26. Qc3 Kh8 27. Rgd1 fxg4
28. hxg4 Qxg4+ 29. f3 Qg2+ 30. Ke1 Qg1+ 31. Ke2 Qxc5 32. b4 Qe7 33. Rd6 Rac8 34.
Qe3 Qf8 35. Rg6 Qf4 36. Rdd6 Qxe3+ 37. Kxe3 Ba4 38. c3 Re7 39. Rd5 Bc2 40. Rg2
Bd3 41. a3 Kh7 42. a4 Rf8 43. Rg3 Rf5 44. a5 h5 45. b5 h4 46. Rh3 Rh5 47. Kf2
Rb7 48. Ke3 Bf5 49. Rh2 Be6 50. Rc5 Bd7 51. a6 Rxb5 52. Rc7 Bf5 53. Rg2 Bg6 54.
Rxa7 h3 55. Rh2 Ra5 56. Kf2 Ra3 57. Kg3 e4 58. fxe4 Rxc3+ 59. Kg4 Ra3 60. e5 Kh6
61. e6 Bf5+ 62. Kf4 Bxe6 63. Re2 Bf5 64. Rf2 h2 65. Rxh2 Rxh2 0-1

[Event "Titled Tue 17th Jun Late"]
[Site "chess.com INT"]
[Date "2025.06.17"]
[Round "4"]
[White "Nihal, Sarin"]
[Black "Holt, Conrad"]
[Result "1/2-1/2"]
[WhiteTitle "GM"]
[BlackTitle "GM"]
[WhiteElo "2696"]
[BlackElo "2540"]
[WhiteFideId "25092340"]
[BlackFideId "2034387"]
[EventDate "2025.06.17"]

1. g3 d5 2. c4 d4 3. Nf3 Nf6 4. Bg2 g6 5. b4 a5 6. Qa4+ Bd7 7. b5 c5 8. d3 Bg7
9. O-O O-O 10. Nbd2 Ra7 11. Nb3 b6 12. Ba3 Bg4 13. Nxc5 Bxf3 14. Bxf3 bxc5 15.
Bxc5 Rc7 16. Bb6 Nbd7 17. Bxa5 Ra7 18. Bxd8 Rxa4 19. Bxe7 Re8 20. Bxf6 Bxf6 21.
Bc6 Re7 22. b6 Nxb6 23. c5 Rc7 24. Bxa4 Nxa4 25. Rfc1 Nc3 26. Kf1 Rxc5 27. Rc2
Ra5 28. Kg2 Ra3 29. Rb2 Kg7 30. Kf3 h5 31. h3 h4 32. g4 g5 33. Rc2 Kg6 34. Rb2
Be5 35. Rb6+ Bf6 36. Rb2 Kg7 37. Rb3 Rxa2 38. Rxa2 Nxa2 39. e3 dxe3 40. Kxe3 Nc3
41. d4 Nd5+ 42. Ke4 Nf4 43. d5 Be7 44. Ke5 Ng6+ 45. Kf5 Kf8 46. Rb8+ Kg7 47. Rb6
Bc5 48. Rb5 Bxf2 49. Kxg5 Bg3 50. Kf5 Ne7+ 51. Ke4 Nc8 52. Kf3 Nd6 53. Rb6 Kf6
54. Ra6 Ke5 55. g5 Kf5 56. Ra4 Kxg5 57. Rg4+ Kf5 58. Ra4 Ke5 59. Ra1 Kxd5 60.
Kg4 Ke6 61. Ra6 f5+ 62. Kg5 Ke5 63. Rxd6 Bf4+ 64. Kg6 Kxd6 65. Kxf5 Bg3 66. Ke4
Ke6 67. Kf3 Kf5 68. Kg2 Ke4 69. Kh1 Kf3 70. Kg1 Bf2+ 71. Kh1 Kg3 1/2-1/2

[Event "Titled Tue 17th Jun Late"]
[Site "chess.com INT"]
[Date "2025.06.17"]
[Round "4"]
[White "Szpar, Milosz"]
[Black "Sargsyan, Shant"]
[Result "1-0"]
[WhiteTitle "IM"]
[BlackTitle "GM"]
[WhiteElo "2495"]
[BlackElo "2669"]
[WhiteFideId "1184989"]
[BlackFideId "13306766"]
[EventDate "2025.06.17"]

1. e4 g6 2. d4 Nf6 3. e5 Nh5 4. Nc3 d6 5. Be3 Ng7 6. Nf3 Nf5 7. Bf4 Nc6 8. Bc4
Bg7 9. Ng5 O-O 10. e6 Ncxd4 11. g4 Nh4 12. Nxf7 Qe8 13. Nh6+ Kh8 14. Nf7+ Kg8
15. Nh6+ Bxh6 16. Bxh6 Rf6 17. Ne4 Bxe6 18. Qd3 Nhf3+ 19. Kf1 d5 20. Nxf6+ exf6
21. Bb3 g5 22. c3 Nxb3 23. axb3 Ne5 24. Qg3 Nxg4 25. h4 Nxh6 26. hxg5 Nf5 27.
Qh3 Qf7 28. g6 Qg7 29. Re1 Bd7 30. Qxh7+ Qxh7 31. Rxh7 Rd8 32. Rf7 Nh6 33. Rxf6
Kg7 34. Rf4 Nf5 35. Re5 Nd6 36. Rxd5 Kxg6 37. c4 b6 38. b4 Be6 39. Rdd4 c5 40.
bxc5 bxc5 41. Rd1 Kg5 42. Rf3 Bxc4+ 43. Kg1 Kh6 44. Rf6+ Kg5 45. Rdxd6 Rb8 46.
Rg6+ Kf5 47. Rdf6+ Ke5 48. Rf3 Rxb2 49. Rg5+ Kd6 50. Rf6+ Ke7 51. Rh6 Bf7 52.
Rxc5 a5 53. Rxa5 Rb1+ 54. Kg2 Kf8 55. Ra7 Kg7 56. Rh3 Rb8 57. Rg3+ Kh8 58. Rxf7
Rb1 59. Rf4 Rb4 60. Rxb4 1-0

[Event "Titled Tue 17th Jun Late"]
[Site "chess.com INT"]
[Date "2025.06.17"]
[Round "4"]
[White "Petrus, Adrian"]
[Black "Ratkovic, Miloje"]
[Result "1-0"]
[WhiteTitle "CM"]
[BlackTitle "GM"]
[WhiteElo "2203"]
[BlackElo "2489"]
[WhiteFideId "14573652"]
[BlackFideId "914517"]
[EventDate "2025.06.17"]

1. e4 Nf6 2. Nc3 d6 3. d4 Nbd7 4. Be3 e5 5. dxe5 dxe5 6. f3 c6 7. a4 Bb4 8. Ne2
O-O 9. g3 Qe7 10. Bg2 Rd8 11. Qc1 Nf8 12. O-O Ne6 13. Nd1 Nd4 14. Bxd4 exd4 15.
Nf2 a5 16. Nd3 b6 17. Nxb4 axb4 18. Nf4 Ba6 19. Nd3 b3 20. Rd1 Nd7 21. Bf1 Bxd3
22. cxd3 Nc5 23. Qc4 Qe6 24. Qxe6 fxe6 25. Rdc1 Rxa4 26. Rxa4 Nxa4 27. Rxc6 Rb8
28. Rc4 b5 29. Rb4 Nxb2 30. Rxb3 Nd1 31. Bh3 e5 32. f4 b4 33. Be6+ Kf8 34. Kg2
Ke7 35. Bg4 Ne3+ 36. Kf3 Kd6 37. Bh3 Kc5 38. Be6 Re8 39. f5 Ra8 40. g4 Ra3 41.
g5 Ra1 42. h4 Rc1 43. h5 Rg1 44. g6 h6 45. Ke2 Ng4 46. Kf3 Nf6 47. Rb2 Rc1 48.
Ra2 Rc3 49. Ke2 b3 50. Ra5+ Kb4 51. Ra7 Nxh5 52. Kd2 b2 53. Rb7+ Ka3 54. Ra7+
Kb4 55. Rb7+ Kc5 56. Rxb2 Nf4 57. Bc4 Nh5 58. Rb5+ Kd6 59. Rb6+ Ke7 60. Re6+ Kd7
61. Rxe5 Ra3 62. Rd5+ Ke7 63. Rxd4 Nf6 64. Be6 h5 65. Rb4 1-0

[Event "Titled Tue 17th Jun Late"]
[Site "chess.com INT"]
[Date "2025.06.17"]
[Round "4"]
[White "Shandrygin, Nikita"]
[Black "Janaszak, Dawid"]
[Result "0-1"]
[WhiteTitle "FM"]
[BlackTitle "FM"]
[WhiteElo "2209"]
[BlackElo "2306"]
[WhiteFideId "24198668"]
[BlackFideId "1119206"]
[EventDate "2025.06.17"]

1. Nf3 d5 2. g3 g6 3. d4 Bg7 4. Bg2 Nf6 5. O-O O-O 6. b3 e6 7. Bb2 c6 8. Nbd2
Nbd7 9. c4 Re8 10. Ne5 Nxe5 11. dxe5 Ng4 12. Nf3 Qc7 13. Qd4 Nh6 14. e4 c5 15.
Qd3 dxe4 16. Qxe4 Bd7 17. g4 Bc6 18. Qf4 Rad8 19. Ng5 Bxg2 20. Kxg2 f6 21. Ne4
fxe5 22. Qg3 Qc6 23. f3 Nf7 24. Rfd1 b5 25. Qf2 bxc4 26. bxc4 Rd4 27. Bxd4 exd4
28. Rab1 Ne5 29. Qe2 Rf8 30. Rb3 d3 31. Rbxd3 Nxd3 32. Rxd3 Bd4 33. Ng5 e5 34.
Qe4 Qxe4 35. Nxe4 Rb8 36. Rd2 Rb4 37. Rc2 Kf8 38. h3 a5 39. Kg3 a4 40. f4 a3 41.
fxe5 Bxe5+ 42. Kf3 Ke7 43. Ke2 Bd4 44. Kd3 Rb1 45. Re2 Kd7 46. Nd2 Rd1 47. Kc2
Rh1 48. Kb3 Rxh3+ 49. Ka4 h5 50. Nb3 hxg4 51. Rg2 g3 52. Nd2 g5 53. Kxa3 g4 54.
Nf1 Bf2 55. Kb3 Kc6 56. a4 Kb6 57. Kb2 Ka5 58. Kb3 Be1 59. Kc2 Kxa4 60. Kd3 Kb4
61. Ke2 Bf2 62. Kd3 Kb3 63. Nd2+ Kb4 64. Nf1 Rh4 65. Nxg3 Bxg3 66. Rxg3 Rh3 0-1

[Event "Titled Tue 17th Jun Late"]
[Site "chess.com INT"]
[Date "2025.06.17"]
[Round "4"]
[White "Salinas Herrera, Pablo"]
[Black "Dudin, Gleb"]
[Result "1-0"]
[WhiteTitle "GM"]
[BlackTitle "GM"]
[WhiteElo "2447"]
[BlackElo "2574"]
[WhiteFideId "3407128"]
[BlackFideId "34184934"]
[EventDate "2025.06.17"]

1. d4 Nf6 2. Nf3 d5 3. Bf4 c5 4. e3 Nc6 5. Nbd2 cxd4 6. exd4 Qb6 7. Nb3 Nh5 8.
Be3 Nf6 9. c3 Bg4 10. Bd3 e6 11. O-O Bd6 12. Rb1 O-O 13. Nbd2 Qc7 14. h3 Bh5 15.
Re1 Rab8 16. Bg5 Nd7 17. a3 b5 18. Qe2 a6 19. Rbd1 Na5 20. Nf1 Nc4 21. Bc1 Rbe8
22. Bxh7+ Kxh7 23. Ng5+ Kg6 24. Qd3+ Kf6 25. g4 Bg6 26. Qf3+ Ke7 27. Qxd5 Kd8
28. Qa8+ Qc8 29. Qf3 Ndb6 30. b3 Na5 31. c4 bxc4 32. bxc4 Naxc4 33. Bf4 Bxf4 34.
Qxf4 Nd5 35. Qf3 Qb8 36. Rc1 Na5 37. Rc5 Nb7 38. Qb3 Re7 39. Rec1 Rd7 40. Rc8+
Qxc8 41. Rxc8+ Kxc8 42. Nf3 f6 43. Ng3 Kb8 44. Nd2 Rc8 45. Nde4 Ka7 46. Qf3 Rc1+
47. Kh2 Rc2 48. h4 Rdc7 49. h5 Bh7 50. g5 fxg5 51. Nxg5 Bf5 52. Nxf5 exf5 53.
Qxd5 Rxf2+ 54. Kg3 Rfc2 55. Qxf5 R7c3+ 56. Nf3 Ra2 57. Kg4 Raxa3 58. Ne5 Rg3+
59. Kh4 Rg1 60. Qd7 Rh1+ 61. Kg4 Rg1+ 62. Kf4 Rf1+ 63. Ke4 Re1+ 64. Kf5 Rf1+ 65.
Kg6 Rg1+ 66. Kh7 Rc3 67. Nc6+ Kb6 68. Ne7 Rcc1 69. Nc8+ Ka5 70. Qxb7 1-0

[Event "Titled Tue 17th Jun Late"]
[Site "chess.com INT"]
[Date "2025.06.17"]
[Round "4"]
[White "Brancaleoni, Maurizio"]
[Black "Terkiewicz, Bruno"]
[Result "0-1"]
[WhiteTitle "FM"]
[BlackTitle "CM"]
[WhiteElo "2185"]
[BlackElo "2183"]
[WhiteFideId "803022"]
[BlackFideId "21093245"]
[EventDate "2025.06.17"]

1. Nf3 d5 2. d4 Nf6 3. c4 dxc4 4. e3 Bg4 5. Bxc4 e6 6. h3 Bh5 7. Nc3 Be7 8. g4
Bg6 9. Ne5 Nbd7 10. Nxg6 hxg6 11. Bf1 c5 12. Bg2 Rb8 13. O-O a6 14. d5 Qc7 15.
dxe6 fxe6 16. g5 Nh7 17. Qg4 Ne5 18. Qg3 Nxg5 19. f4 Nd3 20. Rd1 Nb4 21. Ne4
Nxe4 22. Qxg6+ Kf8 23. Qxe4 Bf6 24. a3 Nc6 25. a4 Rd8 26. Rf1 Rd6 27. Ra3 Na5
28. Rd3 c4 29. Rxd6 Qxd6 30. Qe5 Qd8 31. Qxe6 Rh6 32. Qf5 Kg8 33. Qd5+ Qxd5 34.
Bxd5+ Kf8 35. Bd2 Nb3 36. Bb4+ Be7 37. Bxe7+ Kxe7 38. Bxc4 Nd2 39. Rc1 Rxh3 40.
Be2 Rxe3 41. Kf2 Rb3 42. Rc2 Ne4+ 43. Ke1 Nd6 44. Rc7+ Kf6 45. Rc2 Rb4 46. Bd3
Rxf4 47. Re2 Rxa4 48. Kd2 g5 49. Rf2+ Rf4 50. Re2 g4 51. Re1 g3 52. Ke3 Rf2 53.
Rg1 Rxb2 54. Rxg3 Nf5+ 55. Bxf5 Kxf5 56. Rg7 a5 57. Kd4 a4 58. Kc3 Rb3+ 59. Kc4
b5+ 60. Kc5 Ke4 61. Rd7 Ke3 62. Rd6 a3 63. Ra6 b4 64. Kc4 Rb2 65. Ra4 Kd2 66.
Ra8 Kc2 67. Rh8 Kd2 0-1

[Event "Titled Tue 17th Jun Late"]
[Site "chess.com INT"]
[Date "2025.06.17"]
[Round "4"]
[White "Chocenka, Dmitrijus"]
[Black "Hofstadler, Mario"]
[Result "1-0"]
[WhiteTitle "FM"]
[BlackTitle "CM"]
[WhiteElo "2314"]
[BlackElo "2172"]
[WhiteFideId "12802336"]
[BlackFideId "1660497"]
[EventDate "2025.06.17"]

1. e4 e5 2. d4 Nc6 3. d5 Nce7 4. Nf3 Ng6 5. Be3 Nf6 6. Bd3 Ng4 7. Qd2 Nxe3 8.
Qxe3 Qf6 9. g3 Qb6 10. Qxb6 axb6 11. Nbd2 d6 12. a4 Bh3 13. Ng5 Bd7 14. b3 Be7
15. h4 O-O 16. O-O f5 17. exf5 Bxf5 18. Bxf5 Rxf5 19. Nge4 Nf8 20. Kg2 Nd7 21.
c4 Nc5 22. Nxc5 bxc5 23. Ne4 Raf8 24. a5 Rf3 25. Ra3 Rd3 26. Re1 Ra8 27. Kf1 Rf3
28. Ke2 Rff8 29. Rea1 Rfb8 30. a6 b5 31. a7 Rb7 32. Kd3 b4 33. Ra6 Kf7 34. R1a5
Ke8 35. Ke3 Kd7 36. Kf3 Rb6 37. Kg4 Rb7 38. h5 Ke8 39. Kf5 Kf7 40. Kg4 g6 41.
hxg6+ hxg6 42. f4 exf4 43. gxf4 Kg7 44. Ra2 Kf7 45. f5 gxf5+ 46. Kxf5 Bf8 47.
Ng5+ Ke7 48. Ne6 Bg7 49. Nxg7 Rf8+ 50. Ke4 Ra8 51. Nf5+ Kf6 52. Ne3 Re8+ 53. Kd3
Ra8 54. Ra1 Ke5 55. Ng4+ Kf5 56. Nh6+ Ke5 57. Nf7+ Kf6 58. Nxd6 cxd6 59. Rxd6+
Ke7 60. Rc6 Rbxa7 61. Rxa7+ Rxa7 62. Rxc5 Kd6 63. Rb5 Rh7 64. Rxb4 Rh4 65. Rb5
Rh3+ 66. Kd4 Rh4+ 67. Kc3 Rh3+ 68. Kb4 Kc7 69. Rc5+ Kb6 70. Rc6+ Kb7 71. Re6 Rh5
72. Kc5 Rh7 73. b4 Kc7 74. b5 Kc8 75. b6 Rh4 76. Kb5 Rh7 77. c5 Rh1 78. Kc6 Rh7
79. Re8# 1-0

[Event "Titled Tue 17th Jun Late"]
[Site "chess.com INT"]
[Date "2025.06.17"]
[Round "4"]
[White "Lin, Bryan Enming"]
[Black "Colville, Julian"]
[Result "1-0"]
[WhiteTitle "FM"]
[BlackTitle "FM"]
[WhiteElo "2343"]
[BlackElo "2268"]
[WhiteFideId "30987121"]
[BlackFideId "30963273"]
[EventDate "2025.06.17"]

1. a3 a6 2. Nf3 Nf6 3. c4 e6 4. e3 d5 5. b4 a5 6. b5 c5 7. bxc6 Nxc6 8. Bb2 Qb6
9. Qc2 a4 10. Nc3 Be7 11. cxd5 exd5 12. Bd3 Bg4 13. Rb1 Bxf3 14. gxf3 O-O 15.
Rg1 d4 16. Nb5 Ne5 17. Nxd4 Rad8 18. Be2 Rfe8 19. Nf5 Bf8 20. Bxe5 Qe6 21. Bxf6
Qxf6 22. Ng3 Rc8 23. Qxa4 h5 24. Nxh5 Qf5 25. Rd1 Qxh5 26. h4 Re6 27. Qg4 Qa5
28. h5 Qxa3 29. Kf1 Qb3 30. Kg2 Rc5 31. f4 b5 32. Rb1 Qa4 33. Bf3 b4 34. Rgc1
Rxc1 35. Rxc1 b3 36. Bd1 Qa8+ 37. Qf3 b2 38. Rb1 Qa2 39. Bc2 Ba3 40. d4 Re8 41.
Qe2 Qd5+ 42. Kg1 Qe6 43. Qd3 Rc8 44. Qh7+ Kf8 45. Bf5 Rc1+ 46. Kg2 Qd5+ 47. Be4
Rxb1 48. Bxd5 Rc1 49. Qh8+ Ke7 50. Be4 b1=Q 51. Bxb1 Rxb1 52. Qxg7 Rb6 53. Qe5+
Re6 54. Qc7+ Kf8 55. Qb8+ Kg7 56. f5 Rf6 57. Qg3+ Kf8 58. Qg5 Be7 59. Qg4 Rh6
60. f4 Ra6 61. Kf3 Ra1 62. h6 Bf6 63. h7 Ke7 64. Qg8 Rh1 65. Ke4 Rh3 66. d5 Rh2
67. d6+ Kxd6 68. Qxf7 Be7 69. Qe6+ Kc7 70. Qxe7+ Kb6 71. f6 Kb5 72. f7 Ka4 73.
f8=Q Kb3 74. Qb4+ Kc2 75. Qfc5+ Kd1 76. Qb1+ Ke2 77. Qcc2# 1-0

[Event "Titled Tue 17th Jun Late"]
[Site "chess.com INT"]
[Date "2025.06.17"]
[Round "4"]
[White "Ferey, Antonin"]
[Black "Londono Lopez, Donaldo"]
[Result "0-1"]
[WhiteTitle "CM"]
[BlackTitle "FM"]
[WhiteElo "2238"]
[BlackElo "2186"]
[WhiteFideId "36051454"]
[BlackFideId "4462009"]
[EventDate "2025.06.17"]

1. d4 Nf6 2. Nf3 e6 3. c4 d5 4. e3 Be7 5. b3 O-O 6. Bb2 a5 7. Nc3 Nbd7 8. Bd3
Re8 9. O-O c6 10. a3 Bd6 11. Qc2 h6 12. Rfd1 Qe7 13. e4 dxe4 14. Nxe4 Nxe4 15.
Bxe4 Nf6 16. Bd3 Qc7 17. Re1 b6 18. c5 Be7 19. Ne5 Ba6 20. Be4 Nxe4 21. Rxe4
bxc5 22. dxc5 Bf6 23. Rae1 Rad8 24. Ng4 Bxb2 25. Qxb2 f5 26. Nf6+ gxf6 27. Qxf6
Qg7 28. Qxg7+ Kxg7 29. Ra4 Rd2 30. Rxa5 Bd3 31. Ra7+ Kf6 32. h3 Rd8 33. Rc7 Be4
34. f3 Rd1 35. Rxd1 Rxd1+ 36. Kf2 Bd5 37. b4 Ra1 38. Ra7 Ke5 39. Kg3 Ra2 40. a4
f4+ 41. Kh2 Bxf3 42. h4 Rxg2+ 43. Kh3 Ra2 44. a5 Be2 45. Rh7 f3 46. Rf7 Ke4 47.
Kg3 e5 48. b5 Bxb5 49. Rxf3 Rxa5 50. Rf6 Ra3+ 51. Kf2 Ra2+ 52. Kg1 h5 53. Rh6
Kd5 54. Rxh5 Rc2 55. Rg5 Rxc5 56. h5 Rc4 57. Kg2 Ra4 58. Kg3 Ra8 59. h6 Rh8 60.
Rh5 Bd3 61. Kg4 c5 62. Kg5 c4 63. Kf6 c3 64. Rxe5+ Kd4 65. Re7 Rxh6+ 66. Kg5 Rc6
67. Rd7+ Ke3 68. Re7+ Kd2 69. Rd7 c2 70. Kf4 c1=Q 71. Re7 Qf1+ 72. Ke5 Rc5+ 73.
Kd6 Rc4 74. Re5 Qf4 75. Ke6 Qxe5+ 76. Kxe5 Ke3 77. Kd5 Rd4+ 78. Ke6 Rh4 79. Kf6
Rh5 80. Kg7 Ra5 81. Kf6 Ke4 82. Ke6 Ra6+ 83. Kd7 Kd5 84. Kc7 Rh6 85. Kb7 Kc5 86.
Kc7 Rh7+ 87. Kd8 Kc6 88. Ke8 Kd6 89. Kf8 Ke6 90. Kg8 Ra7 0-1

[Event "Titled Tue 17th Jun Late"]
[Site "chess.com INT"]
[Date "2025.06.17"]
[Round "4"]
[White "Davtyan, Artur"]
[Black "Palczert, Matyas"]
[Result "1/2-1/2"]
[WhiteTitle "IM"]
[BlackTitle "FM"]
[WhiteElo "2472"]
[BlackElo "2396"]
[WhiteFideId "13308327"]
[BlackFideId "784958"]
[EventDate "2025.06.17"]

1. d4 Nf6 2. c4 g6 3. Nc3 d5 4. Bf4 Bg7 5. e3 O-O 6. Rc1 c6 7. h3 Be6 8. cxd5
Nxd5 9. Nxd5 Bxd5 10. a3 Nd7 11. Nf3 Bxf3 12. gxf3 e5 13. dxe5 Nxe5 14. Bxe5
Bxe5 15. Qxd8 Rfxd8 16. Rc2 a5 17. Bc4 a4 18. Ke2 Rd6 19. Rg1 Rad8 20. Rg4 Kf8
21. Ba2 b5 22. Rg1 Bf6 23. Rgc1 R8d7 24. f4 c5 25. Rxc5 Rd2+ 26. Kf3 Rxb2 27.
R1c2 Rd2 28. Rxd2 Rxd2 29. Bd5 Bh4 30. Ke4 Bxf2 31. Rc7 f5+ 32. Ke5 Bxe3 33.
Rxh7 Bxf4+ 34. Kf6 Bg5+ 35. Ke5 Be7 36. Rh8+ Kg7 37. Rb8 Bxa3 38. Rxb5 Bb2+ 39.
Ke6 Re2+ 40. Kd6 a3 41. Ra5 Kf6 42. Ra6 Kg5 43. Kc5 Rd2 44. Bc4 Rc2 45. Kb4
Rxc4+ 46. Kxc4 Kh4 47. Kb3 g5 48. Rh6+ Kg3 49. Rh5 g4 50. hxg4 fxg4 51. Kc2 Kf3
52. Rf5+ Kg2 53. Rg5 g3 54. Rg8 Kg1 55. Rxg3+ Kf2 56. Rb3 Kg2 57. Kb1 Kf2 58.
Ka2 Ke2 59. Rb5 Kd2 60. Kb3 Kd3 61. Rd5+ Ke4 62. Rd1 Ke3 63. Rd7 Ke2 64. Kc2 Ke3
65. Rd8 Ke4 66. Rd3 Ke5 67. Rb3 Kd4 68. Rb4+ Kc5 69. Ra4 Kb5 70. Rg4 Kc5 71. Rh4
Kd5 72. Ra4 Kc5 73. Kb3 Kb5 74. Rc4 Kb6 75. Rc2 Kb5 76. Rc8 Kb6 77. Rc4 Kb5 78.
Rc2 Ka5 79. Rf2 Kb5 80. Rf5+ Kc6 81. Rh5 Kd6 82. Ra5 Ke6 83. Kc4 Kd6 84. Ra4 Ke5
85. Ra6 Ke4 86. Re6+ Be5 87. Ra6 Bb2 88. Ra5 Kf4 89. Kb3 Ke3 90. Ra4 Kd3 91. Ra6
Kd4 92. Rd6+ Kc5 93. Rd1 Kb5 94. Rd5+ Kc6 95. Rf5 Kd6 96. Ra5 Ke6 97. Kc4 Kd6
98. Ra6+ Ke5 99. Ra5+ Kd6 1/2-1/2

[Event "Titled Tue 17th Jun Late"]
[Site "chess.com INT"]
[Date "2025.06.17"]
[Round "4"]
[White "Garzon Zapatanga, Christopher Leonel"]
[Black "Haug, Havard"]
[Result "0-1"]
[WhiteTitle "FM"]
[BlackTitle "FM"]
[WhiteElo "2155"]
[BlackElo "2354"]
[WhiteFideId "3634787"]
[BlackFideId "1547887"]
[EventDate "2025.06.17"]

1. b3 Nf6 2. Bb2 g6 3. e3 Bg7 4. Nf3 O-O 5. c4 c6 6. Be2 d5 7. O-O Bg4 8. Nc3
Bxf3 9. Bxf3 e6 10. Rc1 Nbd7 11. Na4 Re8 12. Re1 h5 13. g3 Rc8 14. h4 Ne4 15.
Bxg7 Kxg7 16. d3 Nd6 17. Nc3 Qf6 18. Bg2 d4 19. exd4 Qxd4 20. Ne4 b6 21. Qd2 c5
22. Rcd1 Nf6 23. Nxf6 Qxf6 24. d4 Nf5 25. dxc5 bxc5 26. Qf4 Nd4 27. Qxf6+ Kxf6
28. Rd2 Red8 29. Red1 Rd6 30. Kf1 a5 31. Rd3 Rcd8 32. f4 Nf5 33. Rxd6 Rxd6 34.
Rxd6 Nxd6 35. Ke2 Ke7 36. Ke3 f5 37. Bc6 Kf6 38. a3 e5 39. Bd5 e4 40. Bg8 Nc8
41. Bd5 Nb6 42. Bg8 a4 43. b4 cxb4 44. axb4 a3 45. c5 Na4 46. Kd4 Ke7 47. Bb3
Kd8 48. b5 Nxc5 49. Kxc5 e3 50. b6 e2 51. Kc6 e1=Q 52. Kb7 Qb4 53. Bd5 Kd7 54.
Bc6+ Kd6 55. Bg2 a2 56. Kb8 a1=B 57. b7 Bd4 58. Bf3 Qb6 59. Bg2 Qc7+ 60. Ka8
Qa5+ 61. Kb8 Ba7+ 62. Ka8 Bb6+ 63. Kb8 Bc7+ 64. Kc8 Qa7 65. b8=B Qa6+ 66. Bb7
Qxb7+ 67. Kxb7 Bxb8 68. Kxb8 Kd5 69. Kc8 Ke4 70. Kd7 Kf3 71. Ke6 Kxg3 72. Kf6
Kh3 73. Kxg6 Kg4 74. Kh6 Kxh4 75. Kg6 Kg4 76. Kf6 Kxf4 77. Kg6 Kg4 78. Kh6 f4
79. Kh7 h4 80. Kh8 f3 81. Kh7 Kg5 82. Kg8 f2 83. Kg7 h3 84. Kg8 h2 85. Kg7 f1=B
86. Kg8 Kg4 87. Kg7 Kf4 88. Kg8 Bg2 89. Kg7 Bf3 90. Kg8 h1=N 91. Kg7 Ng3 92. Kg8
Kf5 93. Kg7 Bd5 94. Kf8 Ke6 95. Ke8 Nf5 96. Kd8 Kd6 97. Ke8 Nh6 98. Kf8 Nf7 99.
Kg7 Ke6 100. Kg6 Bf3 101. Kg7 Be4 102. Kf8 Kf6 103. Ke8 Bf5 104. Kf8 Bh7 105.
Ke8 Ne5 106. Kf8 Nd7+ 107. Ke8 Ke6 108. Kd8 Kd6 109. Ke8 Bg6+ 110. Kd8 Bf7 111.
Kc8 Nc5 112. Kd8 Nb7+ 113. Kc8 Kc6 114. Kb8 Be6 115. Ka7 Kc7 116. Ka6 Bc4+ 117.
Ka7 Bb5 118. Ka8 Bc4 119. Ka7 Bd3 120. Ka8 Be2 121. Ka7 Bf1 122. Ka8 Nd6 123.
Ka7 Nc8+ 124. Ka8 Bg2# 0-1

[Event "Titled Tue 17th Jun Late"]
[Site "chess.com INT"]
[Date "2025.06.17"]
[Round "4"]
[White "Tekeyev, Zaur"]
[Black "Galchenko, Matvey"]
[Result "1/2-1/2"]
[WhiteTitle "IM"]
[BlackTitle "IM"]
[WhiteElo "2407"]
[BlackElo "2435"]
[WhiteFideId "4199731"]
[BlackFideId "24175480"]
[EventDate "2025.06.17"]

1. Nf3 c5 2. e4 g6 3. c3 Bg7 4. d4 cxd4 5. cxd4 d5 6. e5 a6 7. h3 Nc6 8. Be2 f6
9. exf6 Nxf6 10. O-O O-O 11. Nc3 Nh5 12. Re1 Nf4 13. Bf1 Qd6 14. Be3 Bd7 15. Na4
Rae8 16. Nc5 Bc8 17. Rc1 Qf6 18. Bxf4 Qxf4 19. Nd3 Qd6 20. Nde5 Bf5 21. Nxc6
bxc6 22. Ne5 Bxe5 23. Rxe5 a5 24. Qa4 Bd7 25. Qxa5 Rf4 26. Qc3 Ref8 27. f3 Bxh3
28. gxh3 Rxf3 29. Qd2 Qf6 30. Bg2 Rf2 31. Qg5 Qg7 32. Rf1 Rxb2 33. Rxf8+ Qxf8
34. Kh2 Rxa2 35. Rxe7 Qf2 36. Re8+ Kg7 37. Qe5+ Kh6 38. Qe3+ Qxe3 39. Rxe3 Rd2
40. Re6 Rxd4 41. Rxc6 Rd2 42. Rd6 d4 43. Rd5 Kg7 44. Kg3 Kf6 45. Bf3 Rd3 46. Rd7
Rd2 47. Rxh7 Ke6 48. Rh8 d3 49. Rd8 Ke5 50. Rd5+ Ke6 51. Rd4 Ke5 52. Rd8 Kf6 53.
Kf4 Ke6 54. Bg4+ Kf6 55. Ke3 Rh2 56. Rd6+ Kg5 57. Rxd3 Ra2 58. Rd5+ Kh6 59. Kf4
Ra4+ 60. Kg3 Ra3+ 61. Bf3 Ra4 62. Re5 Ra6 63. Be4 Rb6 64. Rc5 Re6 65. Kf4 Rf6+
66. Ke3 Ra6 67. Rc8 Ra3+ 68. Bd3 Ra5 69. Rc6 Rg5 70. Kf4 Rg1 71. Be4 Kg7 72. Bf3
Rb1 73. h4 Rb4+ 74. Be4 Kf7 75. Ra6 Rd4 76. Ra7+ Kf6 77. Ra6+ Kf7 78. Ke5 Rb4
79. Bxg6+ Kg7 80. Be4 Rb5+ 81. Kf4 Kh8 82. Bf5 Rb8 83. Kg5 Rg8+ 84. Bg6 Rf8 85.
Kh6 Rb8 86. h5 Kg8 87. Ra7 Kh8 88. Rh7+ Kg8 89. Rc7 Ra8 90. Rc6 Kf8 91. Bf5 Ra7
92. Kg6 Rg7+ 93. Kf6 Rf7+ 94. Kg5 Rg7+ 95. Bg6 Ra7 96. Rc8+ Ke7 97. Kh6 Kf6 98.
Rf8+ Ke6 99. Rf2 Rc7 100. Rf1 Ra7 101. Kg5 Ra5+ 102. Kg4 Ra4+ 103. Kg3 Ra3+ 104.
Kg2 Ra2+ 105. Kg1 Ra5 106. Rf3 Ra1+ 107. Kg2 Ra5 108. Rf4 Rg5+ 109. Kf3 Rg1 110.
Kf2 Ra1 111. Kg3 Rg1+ 112. Kh4 Ke7 113. Rf5 Ke6 114. Rf8 Ke7 115. Rf2 Ke6 116.
Bf5+ Kf6 117. Bg4+ Kg7 118. Kg5 Re1 119. h6+ Kg8 120. Rc2 Re5+ 121. Bf5 Re8 122.
Kg6 Kh8 123. Rc7 Rg8+ 124. Rg7 Re8 125. Rf7 Rg8+ 126. Kf6 Rb8 127. Rh7+ Kg8 128.
Rc7 Kh8 129. Kg5 Rg8+ 130. Bg6 Rb8 131. h7 Rb5+ 132. Kf4 Rf5+ 133. Ke4 Re5+ 134.
Kd4 Rd5+ 135. Kc4 Rd4+ 136. Kc5 Rd5+ 137. Kc6 Rd6+ 138. Kb7 Rxg6 139. Rd7 Rg7
140. Rxg7 Kxg7 141. h8=Q+ Kxh8 1/2-1/2

[Event "Titled Tue 17th Jun Late"]
[Site "chess.com INT"]
[Date "2025.06.17"]
[Round "5"]
[White "Pontes, Luiz Felizola Lima"]
[Black "Tamames Soria, Cesar Manuel"]
[Result "0-1"]
[BlackTitle "IM"]
[WhiteElo "2062"]
[BlackElo "2221"]
[WhiteFideId "44709919"]
[BlackFideId "3529169"]
[EventDate "2025.06.17"]

1. e4 c5 2. Nf3 d6 3. d4 cxd4 4. Nxd4 Nf6 5. Nc3 a6 6. Bc4 e6 7. Bb3 b5 8. Bg5
Bb7 9. Qf3 Nbd7 10. O-O-O Qa5 11. Rhe1 b4 12. Nce2 Qxg5+ 0-1